Statistiques concernant Les Simpson - Vrai ou Faux (2)

Cliquez ici pour prendre le quiz!

Statistiques générales

  • Ce quiz a été pris 182 fois
  • Le résultat moyen est 12 sur 20

Statistiques - réponses

QuestionRéponse% Correct
La mère de Nelson est une grande fumeuseVrai
90%
Homer a déjà été critique culinaireVrai
89%
Lisa est déjà allée à l'universitéVrai
86%
La mère d'Homer est morte dans un accident de voitureFaux
83%
Homer a un demi-frèreVrai
79%
Les Simpson ont déjà visité l'IndeVrai
66%
Doris, la dame de la cantine, a déjà eu une relation avec Hans TaupemanVrai
66%
Lorsque Barney a arrêté de boire pour suivre des cours de pilotage d'hélicoptère, sa nouvelle boisson favorite est devenue le caféVrai
64%
Itchy est la souris et Scratchy est le chatVrai
64%
Selma s'est mariée avec Tahiti BobVrai
64%
Le Dr Hibbert est fils uniqueFaux
63%
Apu et Manjula ont eu neuf bébésFaux
62%
Le père du révérend Lovejoy porte des lunettesFaux
61%
Mr. Burns a déjà fait don d'un million de dollars à un orphelinatVrai
52%
Le site Internet d'Homer où il diffuse des ragots sur les habitants de Springfield s'appelle "Monsieur S"Faux
46%
Les Flanders habitent au 744 Evergreen Terrace à SpringfieldFaux
46%
Jimbo a un problème de pieds malodorantsFaux
33%
Ned Flanders a déjà consulté une voyanteFaux
31%
Sans compter les Horror Show, au moins un épisode par saison se déroule en dehors des États-UnisFaux
24%
Carl possède un doctorat en physique nucléaireFaux
18%

Distribution des résultats

Percentile par nombre de réponses

% des personnes avec chaque résultat

Votre développement - résultats

Vous n’avez pas pris ce quiz